| 000 | 00690cam a2200205 a 4500 | ||
|---|---|---|---|
| 001 | 51412 | ||
| 003 | BD-RjUL | ||
| 005 | 20211209075645.0 | ||
| 008 | 500101s1949 enk 000 0 eng d | ||
| 035 | _a(BD-RjUL)51532 | ||
| 040 |
_aBD-RjUL _beng _cBD-RjUL _dBD-RjUL |
||
| 041 | _aeng | ||
| 082 |
_223 _a382 _bPAT 1949 |
||
| 245 | 0 | 4 |
_aThe pattern and finance of foreign trade : _bwith special reference to the City of London / |
| 260 |
_aLondon : _bEuropa pub.house, _c1949 |
||
| 300 |
_a231 p. ; _c23 cm |
||
| 500 | _aA series of lectures delivered at the Institute of Bankers International Summer School, Christ Church, Oxford, 1949 | ||
| 650 |
_aForeign trade _9155798 |
||
| 942 |
_2ddc _cBK |
||
| 999 |
_c51412 _d51412 |
||